000 00764nam a2200289Ia 4500
005 20260324144753.0
008 008 260324s9999 xx 000 0 eng d
020 _a9780203076286
037 _aEBOOK
040 _aCRL
040 _beng
040 _cCRL
041 _2eng
041 _aeng
084 _qCRL
100 _aMichael Taylor; Nigel Thrift
_91220548
245 0 _aMultinationals and the Restructuring of the World Economy (RLE International Business)
245 4 _bThe Geography of the Multinationals Volume 2
260 _bTaylor and Francis
260 _c1986
365 _a
365 _b290
856 _uhttp://www.taylorfrancis.com/books/9780203076286
942 _cEBOOK
999 _c1827583
_d1827583